Grafický dizajn v digitálnom marketingu bakalárska práca

Salvato in:
Dettagli Bibliografici
Autore principale: Jarotta, Adam
Ente Autore: Obchodná fakulta EU. Katedra marketingu
Altri autori: Balaščáková, Simona, 1999-
Natura: Libro
Lingua:slovacco
Pubblicazione: Bratislava 2025
Tags: Aggiungi Tag
Nessun Tag, puoi essere il primo ad aggiungerne!!

MARC

LEADER 00000nbm a2200000 4500
001 0311160
005 20251031124724.4
041 0 |a slo 
044 |a SK 
245 1 0 |a Grafický dizajn v digitálnom marketingu  |b bakalárska práca  |c Adam Jarotta ; školiteľ: Simona Balaščáková 
264 1 |a Bratislava  |c 2025 
300 |a 53 s. 
100 1 |a Jarotta, Adam 
700 1 |a Balaščáková, Simona, 1999- 
710 2 |a Obchodná fakulta EU. Katedra marketingu